Roblox BEAR (Alpha) All Mastery Skins - Statistics

General Stats
  • This quiz has been taken 22 times
    16 since last reset
  • The average score is 19 of 27
Answer Stats
Map Answer % Correct
Monochrome Tears Before Bedtime
100%
Happy Terror G.O.B.
85%
Captain's Cove Red Pirate
85%
Lone House The Sock
85%
The Alien From Neptune Alien From Neptune
77%
Abandoned School Ghost Hunter
77%
Underwater Woods Hornhead
77%
Backrooms Lifeform
77%
Sewage Domain Pipe Bug
77%
Brick Bay Zoo Serpent
77%
The Final Hour Whale
77%
The Undead Coming II Zombie King
77%
Haunted Mansion Cauldron Monster
69%
Hospital Nightmare: Resurrection Hospital Spirits
69%
Sunset Plain Jester
69%
Astrophe Mecha
69%
Crazy Port Steampunker
69%
SOS Submarine
69%
Lab Test Tube
69%
System Crypt Tomb Keeper
69%
Yorick's Resting Place Yorick
69%
Area 51 AREA 51 PASTA CREATURE SCARY REAL GEOFFREY SPOOKY EXE MAZE BLUE MONSTER SMILE CHARLES STEAK ALIEN MONSTER RUN RED HYPERREALISTIC MIST HD 720 P WUGGY FIVE NIGHT HORROR MIDNIGHT DOORS SCARY WORLD
62%
Cyanotype Cygas
62%
Assembly Jeep Drivers
62%
Anemoia Visionary
62%
Cheese Factory Cheddar Disciple
54%
All Masteries where you think you're going baby?
15%
No matching quizzes found
Score Distribution
Percent of People with Each Score
Percentile by Number Answered
Your Score History
You have not taken this quiz since the last reset